书目信息 |
| 题名: |
商务交际英语
|
|
| 作者: | 周保国 编著 | |
| 分册: | ||
| 出版信息: | 武汉 武汉大学出版社 2009.12 |
|
| 页数: | 494页 | |
| 开本: | 24cm | |
| 丛书名: | ||
| 单 册: | ||
| 中图分类: | H31 | |
| 科图分类: | ||
| 主题词: | 商务--shang wu--英语--高等学校--教材 | |
| 电子资源: | ||
| ISBN: | 978-7-307-07299-2 | |
| 000 | 01164nam0 2200265 450 | |
| 001 | 012010935832 | |
| 005 | 20100412154317.68 | |
| 010 | @a978-7-307-07299-2@dCNY36.00 (含光盘) | |
| 010 | @a978-7-88927-048-9@b光盘 | |
| 100 | @a20100412d2009 em y0chiy0120 ea | |
| 101 | 0 | @achi@aeng |
| 102 | @aCN@b420000 | |
| 105 | @aa z 000yy | |
| 106 | @ar | |
| 200 | 1 | @a商务交际英语@Ashang wu jiao ji ying yu@d= English for business communication@f周保国编著@Fzhou bao guo bian zhu@zeng |
| 205 | @a第2版 | |
| 210 | @a武汉@c武汉大学出版社@d2009.12 | |
| 215 | @a494页@c图@d24cm@e光盘1片 | |
| 330 | @a全书共三十单元,按商务交际的不同内容和商务活动的不同环节分为三大部分,每部分各十个单元。第一部分为“商务活动”;第二部分为“商务交易”;第三部分为“各类商务”。每单元包括对话与交谈、相关信息、小对话、商务交际礼仪和简短商务演说五个部分。本书具有语言规范、重点突出、内容新颖、涉及面广、交际性强、富于时代精神和具有实用价值等特点。 | |
| 510 | 1 | @aEnglish for business communication@zeng |
| 606 | 0 | @a商务@Ashang wu@x英语@x高等学校@j教材 |
| 690 | @aH31@v4 | |
| 701 | 0 | @a周保国@Azhou bao guo@4编著 |
| 801 | 0 | @aCN@bQSSK@c20100412 |
| 905 | @b777603-07@dH31@eZ751@f5 | |
| 商务交际英语= English for business communication/周保国编著.-第2版.-武汉:武汉大学出版社,2009.12 |
| 494页:图;24cm+光盘1片 |
| ISBN 978-7-307-07299-2:CNY36.00 (含光盘) |
| 全书共三十单元,按商务交际的不同内容和商务活动的不同环节分为三大部分,每部分各十个单元。第一部分为“商务活动”;第二部分为“商务交易”;第三部分为“各类商务”。每单元包括对话与交谈、相关信息、小对话、商务交际礼仪和简短商务演说五个部分。本书具有语言规范、重点突出、内容新颖、涉及面广、交际性强、富于时代精神和具有实用价值等特点。 |
| ● |
| 相关链接 |
|
|
|
正题名:商务交际英语
索取号:H31/Z751
 
预约/预借
| 序号 | 登录号 | 条形码 | 馆藏地/架位号 | 状态 | 备注 |
| 1 | 777603 | 207776030 | 语言库209/209语言库 91排3列2层/ [索取号:H31/Z751] | 在馆 | |
| 2 | 777604 | 207776049 | 语言库209/209语言库 91排3列2层/ [索取号:H31/Z751] | 在馆 | |
| 3 | 777605 | 207776058 | 语言库209/209语言库 91排3列2层/ [索取号:H31/Z751] | 在馆 | |
| 4 | 777606 | 207776067 | 语言库209/209语言库 91排3列2层/ [索取号:H31/Z751] | 在馆 | |
| 5 | 777607 | 207776076 | 语言库209/209语言库 91排3列2层/ [索取号:H31/Z751] | 在馆 |